ARRUPE JESUIT UNIVERSITY

CORONAVIRUS -STOP THE SPREAD - CLEAN,DISINFECT,COVER

Harvesting the fruits : (Record no. 119496)

MARC details
000 -LEADER
fixed length control field 01212cam a2200349 a 4500
001 - CONTROL NUMBER
control field 7632591
003 - CONTROL NUMBER IDENTIFIER
control field ARRUPE
005 - DATE AND TIME OF LATEST TRANSACTION
control field 20140103130106.0
008 - FIXED-LENGTH DATA ELEMENTS--GENERAL INFORMATION
fixed length control field 090627s2009 enk 000 0 eng
020 ## - INTERNATIONAL STANDARD BOOK NUMBER
International Standard Book Number 9781441162724 (pbk.)
020 ## - INTERNATIONAL STANDARD BOOK NUMBER
International Standard Book Number 1441162720 (pbk.)
024 ## - OTHER STANDARD IDENTIFIER
Standard number or code 99936275812
035 ## - SYSTEM CONTROL NUMBER
System control number (NhCcYBP)om2690696
035 ## - SYSTEM CONTROL NUMBER
System control number (OCoLC)332863810
035 ## - SYSTEM CONTROL NUMBER
System control number (NNC)7632591
040 ## - CATALOGING SOURCE
Original cataloging agency UKM
Transcribing agency UKM
Modifying agency YDXCP
-- EMT
050 #4 - LIBRARY OF CONGRESS CALL NUMBER
Classification number BX8.3
Item number .K377 2009
300 ## - PHYSICAL DESCRIPTION
Dimensions 20 cm.
100 1# - MAIN ENTRY--PERSONAL NAME
Personal name Kasper, Walter,
Dates associated with a name 1933-
9 (RLIN) 6493
245 10 - TITLE STATEMENT
Title Harvesting the fruits :
Remainder of title basic aspects of Christian faith in ecumenical dialogue /
Statement of responsibility, etc Cardinal Walter Kasper.
260 ## - PUBLICATION, DISTRIBUTION, ETC. (IMPRINT)
Place of publication, distribution, etc London ;
-- New York :
Name of publisher, distributor, etc Continuum,
Date of publication, distribution, etc 2009.
263 ## - PROJECTED PUBLICATION DATE
Projected publication date 2009/10
300 ## - PHYSICAL DESCRIPTION
Extent xv, 207 p. ;
504 ## - BIBLIOGRAPHY, ETC. NOTE
Bibliography, etc Includes bibliographical references.
505 0# - FORMATTED CONTENTS NOTE
Formatted contents note Fundamentals of our common faith : Jesus Christ and the Holy Trinity -- Salvation, justification, sanctification -- The church -- The sacraments of baptism and eucharist.
650 #0 - SUBJECT ADDED ENTRY--TOPICAL TERM
Topical term or geographic name as entry element Ecumenical movement.
9 (RLIN) 6494
650 #0 - SUBJECT ADDED ENTRY--TOPICAL TERM
Topical term or geographic name as entry element Christian union.
9 (RLIN) 6495
942 ## - ADDED ENTRY ELEMENTS (KOHA)
Source of classification or shelving scheme Library of Congress Classification
Koha item type Monograph ( Printed materials)
948 1# - LOCAL PROCESSING INFORMATION (OCLC); SERIES PART DESIGNATOR (RLIN)
Series part designator, SPT (RLIN) 20100219
b (OCLC) c
c (OCLC) vt2130
d (OCLC) MPS
987 ## - LOCAL ROMANIZATION/CONVERSION HISTORY (OCLC)
Romanization/conversion identifier 100519789
Holdings
Withdrawn status Lost status Source of classification or shelving scheme Damaged status Not for loan Collection code Home library Current library Shelving location Date acquired Total Checkouts Full call number Barcode Date last seen Date checked out Price effective from Koha item type
    Library of Congress Classification     Main Collection ARRUPE LIBRARY ARRUPE LIBRARY Main Collection 03/01/2014 1 BX8.3 .K377 2009 46410507 22/11/2017 08/10/2015 03/01/2014 Monograph ( Printed materials)

 

Arrupe Library. PO Box MP320 Mt Pleasant, Harare, Zimbabwe
263 242 745411|librarian@aju.ac.zw